000 00668nam a2200277Ia 4500
005 20260324144558.0
008 008 260324s9999 xx 000 0 eng d
020 _a9781315737485
037 _aEBOOK
040 _aCRL
040 _beng
040 _cCRL
041 _2eng
041 _aeng
084 _qCRL
100 _aKarel Williams; John Williams
_91219848
245 2 _aA Beveridge Reader (Works of William H. Beveridge)
260 _bTaylor and Francis
260 _c1987
365 _a
365 _b170
856 _uhttp://www.taylorfrancis.com/books/9781315737485
942 _cEBOOK
999 _c1826623
_d1826623